| 000 | 00845cam a22002897a 4500 | ||
|---|---|---|---|
| 003 | CHAP | ||
| 005 | 20220329133407.0 | ||
| 008 | 971013s1992 r 00010 d | ||
| 010 | _a5849 | ||
| 011 | _a6821 | ||
| 035 | _a6044 | ||
| 040 | _cCHAP | ||
| 082 |
_a598.2 _bA8Y |
||
| 245 | 0 | _aAtlas en color de anatomÃa de las aves | |
| 260 |
_aMadrid : _bInteramericana, _c1992 |
||
| 300 |
_a127 p. _b: ilus. |
||
| 500 | _a59-241 | ||
| 590 |
_aBATCH-UPD _b10 _c20130110 _lUCH01 _h2246 |
||
| 590 |
_aBATCH-UPD _b10 _c20130410 _lUCH01 _h1540 |
||
| 590 |
_aBATCH-UPD _b10 _c20130914 _lUCH01 _h1941 |
||
| 590 |
_aCONVERSION _b10 _c20130109 _lUCH01 _h1304 |
||
| 650 | 1 | 4 |
_aAves _xAnatomÃa. _98593 |
| 700 | 0 |
_aMcLelland, John. _973684 |
|
| 901 | _aBK | ||
| 942 | _cLIBRO | ||
| 949 |
_a598.2 A8Y _bBC _cMUT _d33724000516365 _eMUT _gI.163969 _h82423 _i6044 _si _t127.00 |
||
| 999 |
_c5849 _d5849 |
||